| 000 | 00695nam a2200181Ia 4500 | ||
|---|---|---|---|
| 008 | 190422s9999 xx 000 0 und d | ||
| 100 | _aFedorowicks, Jane | ||
| 245 | _aGovernance configurations for inter-organizational coordination: A study of public safety networks / | ||
| 245 | _cJane Fedorowicks, Steve Sawyer and Arthur Tomasino.-- | ||
| 260 | _bAssociation for Information Technology Trust | ||
| 260 | _c2018 | ||
| 300 | _apages 326-344, December 2018 | ||
| 440 |
_aJournal of Information Technology _v33(4) |
||
| 650 | _aFuzzy-set =Qualitative Comparaitve Analysis | ||
| 650 | _aInter-organizational Systems | ||
| 650 | _aNetwork Governance | ||
| 650 | _aPublic Safety Networks | ||
| 999 |
_c361460 _d361460 |
||